000 00359 a2200157 4500
001 194439
020 _a978-85-96-01706-0
040 _cMagnum
100 _aLobato, Monteiro
240 1 0 _aO Marquês de Rabicó
_lpor
245 1 0 _aO Marquês de Rabicó
300 _a47
362 0 _a2019
697 _aLÍNGUA - LINGÜÍSTICA - LITERATURA
942 _cBK
999 _c194439
_d194439